| 000 | 00419nam a2200169Ia 4500 | ||
|---|---|---|---|
| 001 | Para_9817 | ||
| 008 | 220125s1990 xx 000 0 und d | ||
| 010 | _a208469 | ||
| 100 |
_aLuna Lorente, F. _9174904 |
||
| 245 |
_aEl Nogal / _c F. Luna Lorente |
||
| 300 | _a568p. | ||
| 902 | _aA | ||
| 905 | _a0000001990 0000000000 00 | ||
| 910 | _a1990 | ||
| 942 |
_cPARA _d1 |
||
| 999 |
_c208469 _d208469 |
||